X-Men Quiz 2: Rogue - Statistics

General Stats
  • This quiz has been taken 23 times
  • The average score is 8 of 11
Answer Stats
Hint Answer % Correct
What Accent Does Rogue Have? Southern Accent
95%
How Does Rogue Take Someone Else's Powers? Touch / Contact
95%
Who Married Rogue? Remy LeBeau
89%
What Is Rogue's Name? Anna Marie LeBeau
79%
Who Is Rogue's Adoptive Mother? Mystique
79%
Who Is Rogue's Adoptive Brother? Nightcrawler
79%
Whose Powers Did Rogue Absorb To Gain Her Super Strength And Flight? Ms. Marvel
68%
Where Is Rogue From? Mississippi
58%
What Is The Iconic Word Rogue Says? Sugah
58%
Rogue Can Absorb More Than Just Powers And Energy From People, What Else Can She Absorb? Memories
53%
Who's Wedding Did They Take Over Because They Couldn't Follow Through? Kitty and Piotr's
26%
No matching quizzes found
Score Distribution
Percent of People with Each Score
Percentile by Number Answered
Your Score History
You have not taken this quiz